Betterment levy and capital gains tax; an examination of the valuation aspects and the interaction of the Land Commission Act 1967 and the Finance Acts 1965 and 1967 with fully worked examples (Record no. 94631)

MARC details
000 -LEADER
fixed length control field 00550cam a2200169 4500
001 - CONTROL NUMBER
control field D1428
008 - FIXED-LENGTH DATA ELEMENTS--GENERAL INFORMATION
fixed length control field 090401t xxu||||| |||| 00| 0 eng d
035 ## - SYSTEM CONTROL NUMBER
System control number (Sirsi) u63991
041 ## - LANGUAGE CODE
Language code of text/sound track or separate title eng
050 ## - LIBRARY OF CONGRESS CALL NUMBER
Classification number 336.2424
245 ## - TITLE STATEMENT
Title Betterment levy and capital gains tax; an examination of the valuation aspects and the interaction of the Land Commission Act 1967 and the Finance Acts 1965 and 1967 with fully worked examples
260 ## - PUBLICATION, DISTRIBUTION, ETC.
Place of publication, distribution, etc. London
Name of publisher, distributor, etc. Rating Publishers
Date of publication, distribution, etc. 196?
300 ## - PHYSICAL DESCRIPTION
Extent xix. 324p. 21cm
350 ## - PRICE (NR) (BK AM CF MU VM SE) [OBSOLETE]
Price 0
942 ## - ADDED ENTRY ELEMENTS (KOHA)
Suppress in OPAC 0
948 ## - LOCAL PROCESSING INFORMATION (OCLC); SERIES PART DESIGNATOR (RLIN)
c (OCLC) 04/03/1997
Holdings
Withdrawn status Lost status Source of classification or shelving scheme Damaged status Not for loan Home library Current library Shelving location Date acquired Total Checkouts Full call number Barcode Date last seen Copy number Price effective from Koha item type
    Other/Generic Classification Scheme     London London Basement 14/09/1999   RESERVE SHELVES 30008870 06/08/2019 1 06/08/2019 Book